000 01028nam a2200229Ia 4500
999 _c39757
_d39757
001 6362
003 GE_BSU
005 20230804155349.0
008 181216s2013||||ge |||||||||||||| ||geo||
020 _a9789941107023.
040 _cGE_BSU
041 _ageo
080 _a354.08(479.22)(09)+94(479.22) დ-90
100 _aდუმბაძე, ბექა
_919602
245 _aსაქართველოს ცენტრალური მმართველობის უმაღლესი მოხელეები XI-XV საუკუნეებში /
_cბექა დუმბაძე.
264 _aთბილისი :
_bმერიდიანი,
_c2013.
300 _a92 გვ. ;
_c20 სმ.
504 _aბიბლიოგრ. : გვ.89-90
653 _aსაქართველოს ცენტრალური მმართველობის მოხელეები
653 _aსაქართველოს ისტორია
942 _cBK
_2udc